| 000 | 005230000a22001930004500 | ||
|---|---|---|---|
| 001 | 004117 | ||
| 003 | MACL | ||
| 005 | 20151023152641.0 | ||
| 008 | 151023b xxu||||| |||| 00| 0 eng d | ||
| 040 |
_aMACL _cMACL |
||
| 041 | _aEnglish | ||
| 082 | _a923.2/ABR | ||
| 100 |
_aAbraham, P _92852 |
||
| 245 |
_aAmbedkar's Contribution For Economic Planning And Development _bIts Relevance _cP Abraham |
||
| 260 |
_aNew Delhi _c2002 _bKanishka Publishers, |
||
| 350 | _a500 | ||
| 650 |
_aBiography _916493 |
||
| 942 |
_k923 _cBK _2ddc |
||
| 999 |
_c16008 _d16008 |
||